| 000 | 01491nam0a22003131 4500 | ||
|---|---|---|---|
| 001 | v19\rc\2110432 | ||
| 005 | 20260408063751.0 | ||
| 035 | _a(NLR Aleph) 005279475 | ||
| 090 |
_a6082998 _c6082998 |
||
| 100 | _a20090914d1825 |||y0rusy50 ca | ||
| 101 | 0 |
_arus _alat |
|
| 102 | _aRU | ||
| 140 | _ay y ffkc yaa0000 | ||
| 200 | 1 |
_aЛатинская учебная книга _eДля начинающих учиться латинскому языку _eС начальными основаниями грамматики и кратким словарем. _eИздана Главным правлением училищ |
|
| 205 | _aТретьим тиснением | ||
| 210 |
_aСанктпетербург _cв типографии Департамента народнаго просвещения _d1825 |
||
| 215 |
_a343, [1] с. _d8° |
||
| 300 | _aАвт. установлен по изд.: Каталог русских книг Библиотеки С.-Петерб. ун-та. Т. 1 | ||
| 321 | 1 | _aСК 1801-1825 1515 | |
| 700 | 1 |
_aГедике _bФ. _f1754-1803 _gФридрих |
|
| 712 | 0 | 1 |
_4610 _aРоссия _bДепартамент народного просвещения _bТипография _3RU\NLR\AUTH\8810036469 _9571615 |
| 801 | 0 |
_aRU _bNLR _c20090914 _gpsbo |
|
| 801 | 1 |
_aRU _bProSoft-M _c20090914 _2rusmarc |
|
| 801 | 2 |
_aRU _bNLR _c20101025 _2rusmarc |
|
| 852 |
_aNLR _j138/1028 |
||
| 852 |
_aNLR _j18.111.4.13 |
||
| 942 | _cBOOK | ||
| 980 | _aNB | ||